|
|
|
|
| LEADER |
00000ny aa2200000n 44500 |
| 005 |
20110518133548.0 |
| 008 |
110504s20009999bl u b i0 0 a por d |
| 035 |
|
|
|a 5410
|
| 040 |
|
|
|a vLex
|
| 090 |
|
|
|c 2113
|d 2113
|
| 245 |
0 |
0 |
|a Esboȯs
|b Revista do Programa de Ps̤-Graduaȯ̂ em Histr̤ia da UFSC
|h [Recurso electrn̤ico]
|
| 256 |
|
|
|a Servicio en ln̕ea.
|
| 260 |
|
|
|a [s.l]:
|b Universidade Federal de Santa Catarina
|
| 300 |
|
|
|a 1 recurso electrn̤ico
|
| 506 |
1 |
|
|a Contenido solo disponible en los productos indicados
|d vLex Global
|d vLex Global (Academic Edition, excluding Law Schools)
|d vLex Global (U.S. Academic Edition, Law Schools)
|d vLex Global (U.S. Academic Edition, excluding Law Schools)
|d vLex Global (Academic Edition, Law Schools)
|
| 650 |
0 |
4 |
|a Historia
|
| 740 |
0 |
|
|a vLex Revistas (Servicio en ln̕ea)
|
| 856 |
4 |
0 |
|u http://br.vlex.com/source/esbocos-revista-programa-pos-graduacao-historia-ufsc-5410
|z Acceso restringido
|
| 942 |
|
|
|c REV
|